[Event "Warsaw YMCA Spring-B 168th"]
[Site "Warsaw"]
[Date "2016.05.13"]
[Round "6"]
[White "Rusin, Ryszard"]
[Black "Kwiatkowski, Andrzej"]
[Result "1-0"]
[WhiteElo "1768"]
[BlackElo "1701"]
[PlyCount "105"]
[EventDate "2016.04.07"]
[EventType "tourn"]
[EventRounds "13"]
[EventCountry "POL"]
[SourceTitle "EXT 2019"]
[Source "ChessBase"]
[SourceDate "2018.10.10"]
[SourceVersion "1"]
[SourceVersionDate "2018.10.10"]
[SourceQuality "1"]

1. d4 Nf6 2. c4 g6 3. Nc3 Bg7 4. e4 d6 5. Be2 0-0 6. Nf3 e5 7. 0-0 Nc6 8. d5 Ne7 9. Ne1 Ne8 10. a3 f5 11. f3 f4 12. Nd3 g5 13. b4 Rf6 14. Bd2 Rg6 15. c5 h5 16. Nf2 Nf6 17. h3 g4 18. fxg4 hxg4 19. hxg4 Bh6 20. Bf3 Bg5 21. Be1 Bh4 22. Nd3 Bxe1 23. Rxe1 Nxg4 24. Qd2 Ne3 25. Re2 Bg4 26. Ne1 Bh3 27. Nd1 Nxd1 28. Qxd1 Rg3 29. Kf1 Bd7 30. Rf2 Ng6 31. Ke2 a5 32. Kd2 Nh4 33. Qc1 Ba4 34. Qc3 Qd7 35. Nd3 Qg7 36. Ne1 Bd7 37. bxa5 Bb5 38. Rc1 Qd7 39. Qb4 Ba6 40. Be2 Bxe2 41. Rxe2 dxc5 42. Qxc5 c6 43. Rc3 Rxc3 44. Kxc3 cxd5 45. Qxd5+ Qf7 46. Qxf7+ Kxf7 47. Kb4 Ke7 48. Rd2 Rc8 49. Rd5 Rc1 50. Rxe5+ Kf6 51. Nd3 Rc2 52. Rc5 Rxc5 53. Kxc5 1-0

[Event "Warsaw YMCA Spring-B 168th"]
[Site "Warsaw"]
[Date "2016.04.29"]
[Round "4"]
[White "Kolodziejczyk, Andrzej"]
[Black "Kwiatkowski, Andrzej"]
[Result "1-0"]
[WhiteElo "1766"]
[BlackElo "1701"]
[PlyCount "51"]
[EventDate "2016.04.07"]
[EventType "tourn"]
[EventRounds "13"]
[EventCountry "POL"]
[SourceTitle "EXT 2019"]
[Source "ChessBase"]
[SourceDate "2018.10.10"]
[SourceVersion "1"]
[SourceVersionDate "2018.10.10"]
[SourceQuality "1"]

1. e4 e5 2. Nf3 Nc6 3. Bb5 f5 4. Nc3 fxe4 5. Nxe4 d5 6. Nxe5 dxe4 7. Nxc6 Qd5 8. c4 Qd6 9. Nxa7+ c6 10. Nxc8 Rxc8 11. Ba4 Qd4 12. Bc2 Bc5 13. Qe2 Nf6 14. Rb1 0-0 15. b4 Bb6 16. Bb2 Qd7 17. h3 Rce8 18. 0-0 Qf5 19. d3 exd3 20. Qxd3 Ne4 21. c5 Bc7 22. Rbe1 Qf4 23. g3 Qh6 24. Rxe4 Rxe4 25. Qxe4 Qxh3 26. Qh4 1-0

[Event "Warsaw YMCA Winter-C 165th"]
[Site "Warsaw"]
[Date "2016.02.17"]
[Round "7"]
[White "Kwiatkowski, Andrzej"]
[Black "Sieczkowski, Adam"]
[Result "1-0"]
[WhiteElo "1700"]
[BlackElo "1536"]
[PlyCount "66"]
[EventDate "2016.01.06"]
[EventType "tourn"]
[EventRounds "13"]
[EventCountry "POL"]
[SourceTitle "EXT 2019"]
[Source "ChessBase"]
[SourceDate "2018.10.10"]
[SourceVersion "1"]
[SourceVersionDate "2018.10.10"]
[SourceQuality "1"]

1. e4 c6 2. d4 d5 3. Nd2 dxe4 4. Nxe4 Bf5 5. Ng3 Bg6 6. Nf3 Nd7 7. h4 h6 8. h5 Bh7 9. Bd3 Bxd3 10. Qxd3 e6 11. Bd2 Ngf6 12. 0-0-0 Qc7 13. Ne4 Nxe4 14. Qxe4 Nf6 15. Qe2 0-0-0 16. Rh4 Bd6 17. Ne5 Qe7 18. Kb1 Kb8 19. Rh3 Ka8 20. Nc4 Bc7 21. Ra3 Kb8 22. Be3 Rd5 23. g4 Rhd8 24. Rad3 b6 25. Ne5 Kb7 26. c4 R5d6 27. Bf4 Qf8 28. Qf3 Qe8 29. Bxh6 gxh6 30. Qxf6 c5 31. Nxf7 Rxd4 32. Nxd8+ Bxd8 33. Qf3+ Kb8 1-0

[Event "Warsaw YMCA Winter-C 165th"]
[Site "Warsaw"]
[Date "2016.01.06"]
[Round "1"]
[White "Kwiatkowski, Andrzej"]
[Black "Adamski, Adam"]
[Result "1/2-1/2"]
[WhiteElo "1700"]
[BlackElo "1638"]
[PlyCount "101"]
[EventDate "2016.01.06"]
[EventType "tourn"]
[EventRounds "13"]
[EventCountry "POL"]
[SourceTitle "EXT 2019"]
[Source "ChessBase"]
[SourceDate "2018.10.10"]
[SourceVersion "1"]
[SourceVersionDate "2018.10.10"]
[SourceQuality "1"]

1. e4 e6 2. d4 d5 3. e5 c5 4. c3 Nc6 5. Nf3 Bd7 6. Bd3 cxd4 7. cxd4 Qb6 8. 0-0 Nxd4 9. Nxd4 Qxd4 10. Nc3 a6 11. Qe2 Ne7 12. Kh1 Nc6 13. f4 Qa7 14. Be3 Bc5 15. Bxc5 Qxc5 16. Rac1 Qd4 17. Bb1 0-0 18. Rcd1 Qb4 19. Qh5 g6 20. Qh6 f5 21. exf6 Rxf6 22. Ne4 dxe4 23. Rxd7 Ne7 24. a3 Qb5 25. Rfd1 Re8 26. Bxe4 Qe2 27. Bxb7 Rf7 28. R7d2 Qb5 29. Be4 Nf5 30. Qg5 Kg7 31. Bd3 Qa4 32. Bxf5 Rxf5 33. Rd7+ Kg8 34. Qh6 Rf7 35. R7d4 Qb3 36. Qg5 Qxb2 37. Qc5 Qf2 38. Qc1 Ref8 39. g3 e5 40. fxe5 Qe2 41. Rf4 Qxe5 42. Rxf7 Rxf7 43. Rf1 Qd5+ 44. Kg1 Rxf1+ 45. Qxf1 Qc5+ 46. Kg2 Qxa3 47. Qc4+ Kg7 48. Qd4+ Kf7 49. Qd5+ Kf8 50. Qd8+ Kf7 51. Qd5+ 1/2-1/2

[Event "Warsaw YMCA Autumn-B 160th"]
[Site "Warsaw"]
[Date "2015.12.17"]
[Round "13"]
[White "Staniak, Mariusz"]
[Black "Kwiatkowski, Andrzej"]
[Result "0-1"]
[WhiteElo "1795"]
[BlackElo "1757"]
[PlyCount "76"]
[EventDate "2015.09.24"]
[EventType "tourn"]
[EventRounds "13"]
[EventCountry "POL"]
[SourceTitle "EXT 2019"]
[Source "ChessBase"]
[SourceDate "2018.10.10"]
[SourceVersion "1"]
[SourceVersionDate "2018.10.10"]
[SourceQuality "1"]

1. c4 Nf6 2. Nc3 g6 3. g3 Bg7 4. Bg2 0-0 5. e4 d6 6. Nge2 Nc6 7. 0-0 e5 8. d3 Ne8 9. Be3 f5 10. Qd2 Nf6 11. Bh6 Bxh6 12. Qxh6 Ng4 13. Qd2 f4 14. Bf3 Nd4 15. Nxd4 exd4 16. Nd5 Ne5 17. Qd1 c6 18. Nb4 Bh3 19. Bg2 Bg4 20. f3 Be6 21. Nc2 Rf7 22. Nxd4 Qb6 23. c5 Qxc5 24. Qa4 b5 25. Rac1 Qb6 26. Qb4 c5 27. Qxb5 cxd4 28. Qa4 Bd7 29. Qa3 Rc8 30. Rxc8+ Bxc8 31. Rc1 Ba6 32. Qa4 Qxb2 33. Rc2 Qb1+ 34. Bf1 Bxd3 35. Rf2 fxg3 36. hxg3 Nxf3+ 37. Kg2 Bxf1+ 38. Rxf1 Nh4+ 0-1

[Event "Warsaw YMCA Autumn-B 160th"]
[Site "Warsaw"]
[Date "2015.11.26"]
[Round "10"]
[White "Kwiatkowski, Andrzej"]
[Black "Kolodziejczyk, Andrzej"]
[Result "1/2-1/2"]
[WhiteElo "1757"]
[BlackElo "1776"]
[PlyCount "128"]
[EventDate "2015.09.24"]
[EventType "tourn"]
[EventRounds "13"]
[EventCountry "POL"]
[SourceTitle "EXT 2019"]
[Source "ChessBase"]
[SourceDate "2018.10.10"]
[SourceVersion "1"]
[SourceVersionDate "2018.10.10"]
[SourceQuality "1"]

1. e4 d5 2. exd5 Qxd5 3. Nc3 Qa5 4. d4 Nf6 5. Nf3 c6 6. Bc4 Bf5 7. Qe2 Nbd7 8. Bd2 Qb6 9. 0-0-0 e6 10. h3 Bb4 11. g4 Bxc3 12. Bxc3 Be4 13. g5 Bxf3 14. Qxf3 Nd5 15. Rhe1 Nxc3 16. Qxc3 0-0-0 17. d5 cxd5 18. Bxd5+ Qc7 19. Qxc7+ Kxc7 20. Bg2 Nb8 21. Rxd8 Rxd8 22. Rd1 Rd7 23. Rxd7+ Nxd7 24. Kd2 b6 25. Ke3 Kd6 26. Be4 f5 27. gxf6 Nxf6 28. Kd4 g5 29. Bf3 h5 30. Kc4 a6 31. Bb7 a5 32. Kb5 Kc7 33. Bf3 e5 34. c4 g4 35. hxg4 Nxg4 36. c5 e4 37. cxb6+ Kb8 38. Bxe4 Nxf2 39. Bf5 h4 40. Kxa5 h3 41. Bxh3 Nxh3 42. Kb5 Nf4 43. a4 Ne6 44. a5 Nd4+ 45. Kc4 Nc6 46. a6 Ne5+ 47. Kd5 Nd3 48. Kc6 Nb4+ 49. Kb5 Nd3 50. b3 Kc8 51. Kc4 Ne5+ 52. Kd5 Nd7 53. Kc6 Ne5+ 54. Kb5 Kb8 55. b4 Kc8 56. b7+ Kc7 57. Kc5 Nd3+ 58. Kb5 Ne5 59. Ka5 Nc4+ 60. Ka4 Nd6 61. Kb3 Nxb7 62. a7 Na5+ 63. Ka4 Nc4 64. Kb5 Nb6 1/2-1/2

[Event "Warsaw YMCA Autumn-B 160th"]
[Site "Warsaw"]
[Date "2015.11.05"]
[Round "7"]
[White "Barc, Michal"]
[Black "Kwiatkowski, Andrzej"]
[Result "0-1"]
[WhiteElo "1838"]
[BlackElo "1757"]
[PlyCount "60"]
[EventDate "2015.09.24"]
[EventType "tourn"]
[EventRounds "13"]
[EventCountry "POL"]
[SourceTitle "EXT 2019"]
[Source "ChessBase"]
[SourceDate "2018.10.10"]
[SourceVersion "1"]
[SourceVersionDate "2018.10.10"]
[SourceQuality "1"]

1. d4 Nf6 2. Nf3 g6 3. c4 Bg7 4. Nc3 0-0 5. e4 d6 6. Be2 e5 7. d5 a5 8. 0-0 Na6 9. Ne1 Nc5 10. Qc2 Ne8 11. Be3 f5 12. f3 f4 13. Bf2 g5 14. Nd3 b6 15. a3 h5 16. b4 Nxd3 17. Bxd3 g4 18. Rfc1 Qg5 19. Kf1 gxf3 20. gxf3 Bh3+ 21. Ke2 Bg2 22. Rg1 axb4 23. axb4 Rxa1 24. Rxa1 Bxf3+ 25. Kd2 Qg2 26. Kc1 Qxh2 27. Ra7 h4 28. Nb5 h3 29. Nxc7 Nxc7 30. Rxc7 Qg2 0-1

[Event "Warsaw YMCA Autumn-B 160th"]
[Site "Warsaw"]
[Date "2015.10.13"]
[Round "2"]
[White "Kwiatkowski, Andrzej"]
[Black "Pajak, Jakub Lech"]
[Result "0-1"]
[WhiteElo "1757"]
[BlackElo "1812"]
[PlyCount "110"]
[EventDate "2015.09.24"]
[EventType "tourn"]
[EventRounds "13"]
[EventCountry "POL"]
[SourceTitle "EXT 2019"]
[Source "ChessBase"]
[SourceDate "2018.10.10"]
[SourceVersion "1"]
[SourceVersionDate "2018.10.10"]
[SourceQuality "1"]

1. e4 c5 2. Nf3 Nc6 3. d4 cxd4 4. Nxd4 g6 5. Nc3 Bg7 6. Be3 Nf6 7. Bc4 0-0 8. Bb3 d6 9. h3 Bd7 10. 0-0 a6 11. f4 b5 12. a3 Rc8 13. Kh1 Na5 14. f5 Nc4 15. Bxc4 Rxc4 16. Qf3 Qa8 17. Rad1 Bc6 18. Nxc6 Qxc6 19. Nd5 Nxd5 20. exd5 Qc7 21. c3 a5 22. Bg5 h6 23. Bxe7 Qxe7 24. f6 Qxf6 25. Qxf6 Bxf6 26. Rxf6 Rd8 27. Kg1 b4 28. axb4 axb4 29. cxb4 Rxb4 30. Rd2 Kg7 31. Rdf2 Rd7 32. R6f4 Rb5 33. Rd4 Rdb7 34. Rdd2 Rc5 35. Kf1 Rbb5 36. Ke1 Rxd5 37. Rxd5 Rxd5 38. b4 Rb5 39. Rf4 f5 40. Kd2 Kf6 41. Kc3 Ke5 42. g3 Kd5 43. Rh4 h5 44. Rd4+ Ke5 45. h4 Rb6 46. Rf4 d5 47. Rd4 Ra6 48. Rd3 Rc6+ 49. Kb3 Ke4 50. Rc3 Rb6 51. Ka4 d4 52. Rb3 d3 53. Ka5 Rb8 54. b5 d2 55. Rb1 Kd3 0-1

[Event "Warsaw YMCA Autumn-B 160th"]
[Site "Warsaw"]
[Date "2015.10.02"]
[Round "1"]
[White "Wisniewski, Jacek"]
[Black "Kwiatkowski, Andrzej"]
[Result "1-0"]
[WhiteElo "1736"]
[BlackElo "1757"]
[PlyCount "129"]
[EventDate "2015.09.24"]
[EventType "tourn"]
[EventRounds "13"]
[EventCountry "POL"]
[SourceTitle "EXT 2019"]
[Source "ChessBase"]
[SourceDate "2018.10.10"]
[SourceVersion "1"]
[SourceVersionDate "2018.10.10"]
[SourceQuality "1"]

1. e4 e5 2. Nf3 Nc6 3. Bc4 Nf6 4. Ng5 d5 5. exd5 Nd4 6. c3 b5 7. Bf1 Nxd5 8. cxd4 Qxg5 9. Bxb5+ Kd8 10. Qf3 Bb7 11. 0-0 Rb8 12. dxe5 Nf4 13. Qg3 Qg6 14. d4 Nxg2 15. Bd3 Qh5 16. Nc3 Nh4 17. Qg5+ Qxg5+ 18. Bxg5+ Be7 19. Bxh4 Bxh4 20. b3 Be7 21. Be4 Ba6 22. Rfd1 Ba3 23. Rd2 Re8 24. Rad1 Bb4 25. Rc2 Bxc3 26. Rxc3 Bb7 27. Bxb7 Rxb7 28. f4 Re6 29. Kg2 Ra6 30. Rd2 Ra3 31. Kf3 a5 32. Rc4 a4 33. Rxa4 Rxa4 34. bxa4 Ra7 35. Ke4 Rxa4 36. Kd5 Kd7 37. f5 Ra5+ 38. Kc4 g6 39. fxg6 hxg6 40. Kb4 Rd5 41. Kc4 Ra5 42. d5 Ra3 43. Rf2 Ke7 44. Kc5 Rc3+ 45. Kd4 Ra3 46. Rc2 Kd7 47. Re2 Ke7 48. e6 fxe6 49. dxe6 Ra4+ 50. Kc5 Ra3 51. Kb4 Ra6 52. a4 c6 53. Re4 g5 54. Kc5 g4 55. Rxg4 Kxe6 56. h4 Kf5 57. Rb4 Kg6 58. Kd6 Kh5 59. Kc7 c5 60. Rc4 Ra5 61. Kb6 Ra8 62. Kxc5 Rg8 63. a5 Rg1 64. Rb4 Rf1 65. a6 1-0

[Event "Warsaw YMCA Spring 154th"]
[Site "Warsaw"]
[Date "2015.05.27"]
[Round "8"]
[White "Kwiatkowski, Andrzej"]
[Black "Sanz Wawer, Daniel"]
[Result "1/2-1/2"]
[WhiteElo "1777"]
[BlackElo "1890"]
[PlyCount "86"]
[EventDate "2015.04.10"]
[EventType "tourn"]
[EventRounds "13"]
[EventCountry "POL"]
[SourceTitle "EXT 2017"]
[Source "ChessBase"]
[SourceDate "2016.10.25"]
[SourceVersion "1"]
[SourceVersionDate "2016.10.25"]
[SourceQuality "1"]

1. e4 e5 2. Nf3 Nf6 3. d4 Nxe4 4. dxe5 d5 5. Bd3 Nc6 6. 0-0 Bg4 7. Bf4 Bc5 8. Nbd2 Nxd2 9. Qxd2 Bxf3 10. gxf3 g5 11. Bg3 Nd4 12. Kg2 Qe7 13. c3 Ne6 14. b4 Bb6 15. a4 c6 16. Rfe1 h5 17. h3 Rg8 18. Bf5 Ng7 19. e6 fxe6 20. Bxe6 Nxe6 21. Rxe6 Qxe6 22. Re1 Qxe1 23. Qxe1+ Kf7 24. Qe5 Bd8 25. Qf5+ Bf6 26. Be5 Rg6 27. Qd7+ Be7 28. Qxb7 Rag8 29. Qxa7 g4 30. hxg4 hxg4 31. f4 g3 32. f5 Rg5 33. Bd6 gxf2+ 34. Kxf2 Rxf5+ 35. Ke3 Re8 36. Kd4 Rf6 37. Bxe7 Rxe7 38. Qb8 Rf3 39. a5 Re4+ 40. Kc5 Rxc3+ 41. Kd6 Re6+ 42. Kd7 Re7+ 43. Kd6 Re6+ 1/2-1/2

[Event "Warsaw YMCA Spring-B 90th"]
[Site "Warsaw"]
[Date "2011.05.27"]
[Round "7"]
[White "Kwiatkowski, Andrzej"]
[Black "Rozowski, Marcin"]
[Result "0-1"]
[WhiteElo "1843"]
[BlackElo "1893"]
[PlyCount "100"]
[EventDate "2011.04.05"]
[EventType "tourn"]
[EventRounds "11"]
[EventCountry "POL"]
[SourceTitle "EXT 2019"]
[Source "ChessBase"]
[SourceDate "2018.10.10"]
[SourceVersion "1"]
[SourceVersionDate "2018.10.10"]
[SourceQuality "1"]

1. e4 c6 2. d4 d5 3. Nd2 dxe4 4. Nxe4 Nd7 5. Bc4 Ngf6 6. Ng5 e6 7. Qe2 Nb6 8. Bd3 h6 9. N5f3 c5 10. dxc5 Bxc5 11. Ne5 0-0 12. Ngf3 Nbd5 13. c3 Qc7 14. 0-0 b6 15. Re1 Bb7 16. Bd2 Rad8 17. Rac1 a5 18. a3 Bd6 19. c4 Ne7 20. Bc3 Nf5 21. b4 axb4 22. axb4 Rc8 23. Qc2 Ne7 24. Qb2 Rfd8 25. Bb1 Nf5 26. Qc2 Bxf3 27. gxf3 Qb7 28. Qe2 Nh4 29. Be4 Nxe4 30. fxe4 Qe7 31. Qg4 Bxe5 32. Bxe5 Ng6 33. Ba1 Qxb4 34. h4 h5 35. Qxh5 Rc5 36. Qg4 e5 37. Qg5 Qd2 38. Qg3 Qh6 39. Rb1 Rd6 40. Rb5 Rxb5 41. cxb5 Nxh4 42. Kf1 Ng6 43. Bxe5 Qh1+ 44. Ke2 Qxe4+ 45. Kf1 Qc4+ 46. Kg1 Nxe5 47. Qxe5 Rg6+ 48. Kh1 Qh4+ 49. Qh2 Qxh2+ 50. Kxh2 Rg5 0-1

[Event "Warsaw YMCA Spring-B 90th"]
[Site "Warsaw"]
[Date "2011.04.14"]
[Round "2"]
[White "Kwiatkowski, Andrzej"]
[Black "Moskwinski, Marek"]
[Result "1/2-1/2"]
[WhiteElo "1843"]
[BlackElo "1872"]
[PlyCount "97"]
[EventDate "2011.04.05"]
[EventType "tourn"]
[EventRounds "11"]
[EventCountry "POL"]
[SourceTitle "EXT 2019"]
[Source "ChessBase"]
[SourceDate "2018.10.10"]
[SourceVersion "1"]
[SourceVersionDate "2018.10.10"]
[SourceQuality "1"]

1. e4 c5 2. Nf3 d6 3. d4 cxd4 4. Nxd4 Nf6 5. Nc3 g6 6. f4 Nc6 7. Nxc6 bxc6 8. e5 dxe5 9. Qxd8+ Kxd8 10. fxe5 Nd5 11. Bc4 Nxc3 12. bxc3 Be6 13. Bxe6 fxe6 14. Be3 Bg7 15. Bd4 Kc7 16. Ke2 Rhf8 17. Rhf1 h5 18. h3 Rf5 19. g4 hxg4 20. hxg4 Rg5 21. Rf7 Bxe5 22. Kf3 Bxd4 23. cxd4 Kd6 24. Rb1 Rb5 25. Rb3 a5 26. Ke4 Rg8 27. Rxb5 cxb5 28. g5 Rc8 29. Kd3 Rg8 30. Rh7 b4 31. c3 Rc8 32. cxb4 axb4 33. Rg7 Rc3+ 34. Kd2 Ra3 35. Kc2 Rxa2+ 36. Kb3 Rd2 37. Kxb4 Rxd4+ 38. Kc3 Rg4 39. Rxg6 Kd7 40. Kd3 e5 41. Ke3 Ke8 42. Kf3 Rf4+ 43. Kg3 Kf7 44. Ra6 Rf1 45. Kg4 e4 46. g6+ Kg7 47. Re6 Rg1+ 48. Kf5 Rf1+ 49. Kxe4 1/2-1/2

[Event "Warsaw YMCA Winter-B 87th"]
[Site "Warsaw"]
[Date "2011.03.30"]
[Round "13"]
[White "Kwiatkowski, Andrzej"]
[Black "Milczarek, Robert"]
[Result "1-0"]
[WhiteElo "1843"]
[BlackElo "1882"]
[PlyCount "67"]
[EventDate "2011.01.05"]
[EventType "tourn"]
[EventRounds "13"]
[EventCountry "POL"]
[SourceTitle "EXT 2019"]
[Source "ChessBase"]
[SourceDate "2018.10.10"]
[SourceVersion "1"]
[SourceVersionDate "2018.10.10"]
[SourceQuality "1"]

1. e4 Nf6 2. Nc3 d5 3. e5 Nfd7 4. e6 fxe6 5. d4 Nf6 6. Nf3 c6 7. Bd3 Qc7 8. Bg5 b6 9. 0-0 Ba6 10. Bxa6 Nxa6 11. Qe2 Qc8 12. Rfe1 Nc7 13. Ne5 Qb7 14. Bxf6 exf6 15. Qh5+ g6 16. Nxg6 hxg6 17. Qxh8 0-0-0 18. Qxf6 c5 19. Ne2 Bd6 20. Qxg6 Rf8 21. Rac1 Kb8 22. c3 Qc8 23. b3 Rg8 24. Qd3 Qf8 25. Ng3 Qh6 26. Rc2 Rh8 27. h3 Rg8 28. Rce2 Qh4 29. Re5 c4 30. bxc4 dxc4 31. Qxc4 Bxe5 32. Rxe5 Nd5 33. Rxe6 Nf6 34. Rxf6 1-0

[Event "Warsaw YMCA Winter-B 87th"]
[Site "Warsaw"]
[Date "2011.02.09"]
[Round "6"]
[White "Siekierski, Pawel"]
[Black "Kwiatkowski, Andrzej"]
[Result "1-0"]
[WhiteElo "2015"]
[BlackElo "1843"]
[PlyCount "83"]
[EventDate "2011.01.05"]
[EventType "tourn"]
[EventRounds "13"]
[EventCountry "POL"]
[SourceTitle "EXT 2019"]
[Source "ChessBase"]
[SourceDate "2018.10.10"]
[SourceVersion "1"]
[SourceVersionDate "2018.10.10"]
[SourceQuality "1"]

1. d4 Nf6 2. c4 d6 3. Nc3 Nbd7 4. e4 e5 5. d5 g6 6. Nf3 Nc5 7. Nd2 a5 8. b3 Bg7 9. Be2 0-0 10. 0-0 Ne8 11. a3 f5 12. f3 f4 13. Rb1 g5 14. b4 axb4 15. axb4 Nd7 16. Nb3 Rf6 17. c5 Nf8 18. Bd2 Rh6 19. Ra1 Rb8 20. Nb5 Qf6 21. Na7 Bd7 22. c6 bxc6 23. Nxc6 Bxc6 24. dxc6 Qg6 25. Ra7 g4 26. fxg4 Qxe4 27. b5 Ne6 28. Be1 Qg6 29. Qd5 Qf6 30. h4 Kh8 31. Bc4 Rg6 32. g5 Qf8 33. Rb7 Ra8 34. h5 Rxg5 35. Qxe6 Ra2 36. Nd2 Rxd2 37. Bxd2 e4 38. Rxf4 Bd4+ 39. Kf1 Nf6 40. Rxf6 Bxf6 41. Bxg5 Bd4+ 42. Qf7 1-0

[Event "Warsaw YMCA Winter-B 87th"]
[Site "Warsaw"]
[Date "2011.01.26"]
[Round "4"]
[White "Safanowski, Tomasz"]
[Black "Kwiatkowski, Andrzej"]
[Result "1-0"]
[WhiteElo "1953"]
[BlackElo "1843"]
[PlyCount "79"]
[EventDate "2011.01.05"]
[EventType "tourn"]
[EventRounds "13"]
[EventCountry "POL"]
[SourceTitle "EXT 2019"]
[Source "ChessBase"]
[SourceDate "2018.10.10"]
[SourceVersion "1"]
[SourceVersionDate "2018.10.10"]
[SourceQuality "1"]

1. f4 e5 2. fxe5 d6 3. exd6 Bxd6 4. Nf3 g5 5. g3 g4 6. Nh4 Ne7 7. d4 Ng6 8. Nxg6 hxg6 9. Qd3 Nc6 10. c3 Bf5 11. e4 Qe7 12. Bg2 0-0-0 13. Be3 Bxg3+ 14. hxg3 Ne5 15. Qf1 Nf3+ 16. Bxf3 gxf3 17. Nd2 f2+ 18. Kxf2 Bxe4 19. Nxe4 Qxe4 20. Re1 Qf5+ 21. Kg2 Qd5+ 22. Qf3 Qxa2 23. Rxh8 Rxh8 24. Re2 Qe6 25. Bg5 Qh3+ 26. Kg1 f5 27. Bf6 Rh7 28. Re8+ Kd7 29. Rd8+ Ke6 30. Bh4 Rxh4 31. Qd5+ Kf6 32. Rf8+ Kg5 33. Qd8+ Kg4 34. Qxh4+ Qxh4 35. gxh4 Kxh4 36. Rf6 Kg5 37. Rf7 Kf4 38. Rxc7 g5 39. Rxb7 g4 40. Rxa7 1-0

[Event "Warsaw YMCA Winter-B 87th"]
[Site "Warsaw"]
[Date "2011.01.14"]
[Round "1"]
[White "Liberadzki, Slawomir"]
[Black "Kwiatkowski, Andrzej"]
[Result "1-0"]
[WhiteElo "2013"]
[BlackElo "1843"]
[PlyCount "83"]
[EventDate "2011.01.05"]
[EventType "tourn"]
[EventRounds "13"]
[EventCountry "POL"]
[SourceTitle "EXT 2019"]
[Source "ChessBase"]
[SourceDate "2018.10.10"]
[SourceVersion "1"]
[SourceVersionDate "2018.10.10"]
[SourceQuality "1"]

1. e4 e5 2. Nc3 Nf6 3. f4 d5 4. fxe5 Nxe4 5. Nf3 Be7 6. Qe2 Nxc3 7. bxc3 0-0 8. g3 Nc6 9. Bg2 Be6 10. d4 Qd7 11. 0-0 Bh3 12. Ng5 Bxg5 13. Bxg5 Bxg2 14. Kxg2 Nd8 15. Bxd8 Raxd8 16. Rf4 Rde8 17. Raf1 Qe6 18. Qf3 c6 19. Rf2 Re7 20. h4 Rc7 21. Rf5 Qe7 22. h5 Qe6 23. Qg4 h6 24. R2f4 Kh7 25. Qf3 Kg8 26. Rg4 Kh7 27. Qf4 Re7 28. Rxg7+ Kxg7 29. Rf6 Kg8 30. Rxe6 Rxe6 31. Qg4+ Kh8 32. Qf5 Kg7 33. g4 Rg8 34. Kh2 Kf8 35. Kh3 Ke7 36. Qf4 Rg5 37. Qc1 Kd7 38. Qa3 Re8 39. Qd6+ Kc8 40. Qxh6 Reg8 41. Qf6 Rxg4 42. Qf5+ 1-0

[Event "Warsaw YMCA Winter-B 87th"]
[Site "Warsaw"]
[Date "2011.01.12"]
[Round "2"]
[White "Grochowski, Mariusz"]
[Black "Kwiatkowski, Andrzej"]
[Result "1-0"]
[WhiteElo "1919"]
[BlackElo "1843"]
[PlyCount "45"]
[EventDate "2011.01.05"]
[EventType "tourn"]
[EventRounds "13"]
[EventCountry "POL"]
[SourceTitle "EXT 2019"]
[Source "ChessBase"]
[SourceDate "2018.10.10"]
[SourceVersion "1"]
[SourceVersionDate "2018.10.10"]
[SourceQuality "1"]

1. d4 Nf6 2. c4 d6 3. Nc3 Nbd7 4. Nf3 g6 5. Bg5 Bg7 6. e3 0-0 7. Bd3 e5 8. Qc2 c6 9. 0-0-0 Qc7 10. h3 a6 11. Bh4 b5 12. dxe5 Nxe5 13. Nxe5 dxe5 14. Ne4 Nxe4 15. Bxe4 f5 16. Bf3 e4 17. Be2 Be6 18. Rd2 Qf7 19. Rhd1 Bxc4 20. Rd7 Qe6 21. Re7 Qc8 22. Bxc4+ bxc4 23. Rdd7 1-0

[Event "Warsaw YMCA Summer-B 80th"]
[Site "Warsaw"]
[Date "2010.08.06"]
[Round "7"]
[White "Szukalski, Antoni"]
[Black "Kwiatkowski, Andrzej"]
[Result "1-0"]
[WhiteElo "1797"]
[BlackElo "1887"]
[PlyCount "83"]
[EventDate "2010.07.09"]
[EventType "tourn"]
[EventRounds "11"]
[EventCountry "POL"]
[SourceTitle "EXT 2011"]
[Source "ChessBase"]
[SourceDate "2010.11.26"]
[SourceVersion "1"]
[SourceVersionDate "2010.11.26"]
[SourceQuality "1"]

1. e4 e5 2. Nf3 Nc6 3. d4 exd4 4. Nxd4 Nf6 5. Nxc6 bxc6 6. Bg5 h6 7. Bxf6 Qxf6 8. c3 Bc5 9. Qc2 0-0 10. Bd3 Re8 11. 0-0 Re5 12. Nd2 Rg5 13. Kh1 Rh5 14. Be2 Re5 15. f4 Re8 16. e5 Qh4 17. g3 Qd8 18. Bf3 Bb7 19. b4 Bf8 20. b5 Qc8 21. bxc6 Bxc6 22. Bxc6 dxc6 23. Ne4 Qa6 24. Rfd1 Rad8 25. Kg2 Qc4 26. Kf3 Rd5 27. Rd2 f5 28. Nf2 Rxd2 29. Qxd2 Qd5+ 30. Qxd5+ cxd5 31. Rb1 Bc5 32. Nd3 Bb6 33. Nb4 d4 34. cxd4 Bxd4 35. Nc6 Bb6 36. Rd1 Re6 37. Nd4 Re8 38. Nxf5 Kf7 39. Ke4 Rg8 40. Rd7+ Kf8 41. Rd8+ Kf7 42. e6+ 1-0

[Event "Warsaw YMCA Summer-B 80th"]
[Site "Warsaw"]
[Date "2010.07.14"]
[Round "2"]
[White "Kwiatkowski, Andrzej"]
[Black "Potocki, Karol"]
[Result "1-0"]
[WhiteElo "1887"]
[BlackElo "1798"]
[PlyCount "49"]
[EventDate "2010.07.09"]
[EventType "tourn"]
[EventRounds "11"]
[EventCountry "POL"]
[SourceTitle "EXT 2011"]
[Source "ChessBase"]
[SourceDate "2010.11.26"]
[SourceVersion "1"]
[SourceVersionDate "2010.11.26"]
[SourceQuality "1"]

1. e4 c6 2. d4 d5 3. exd5 cxd5 4. c4 Nf6 5. Nc3 e6 6. Nf3 Bb4 7. Qc2 0-0 8. Bd3 dxc4 9. Bxc4 Nbd7 10. 0-0 Nb6 11. Bb3 h6 12. Bf4 Nbd5 13. Be5 b6 14. a3 Be7 15. Rad1 Bb7 16. Rfe1 Rc8 17. Qd3 Re8 18. Bc2 Nxc3 19. bxc3 Bxa3 20. c4 Bb4 21. Re3 Be7 22. d5 Bd6 23. dxe6 Bxe5 24. exf7+ Kxf7 25. Qg6+ 1-0

[Event "Warsaw op-B 01"]
[Site "Warsaw"]
[Date "2009.03.06"]
[Round "9"]
[White "Kwiatkowski, Andrzej"]
[Black "Zbrzeski, Piotr"]
[Result "1/2-1/2"]
[WhiteElo "1887"]
[BlackElo "1813"]
[PlyCount "87"]
[EventDate "2009.01.06"]
[EventType "swiss"]
[EventRounds "13"]
[EventCountry "POL"]
[SourceTitle "EXT 2012"]
[Source "ChessBase"]
[SourceDate "2011.11.24"]
[SourceVersion "1"]
[SourceVersionDate "2011.11.24"]
[SourceQuality "1"]

1. e4 Nf6 2. e5 Nd5 3. c4 Nb6 4. c5 Nd5 5. Nc3 Nxc3 6. dxc3 d6 7. cxd6 exd6 8. Bc4 Nc6 9. Nf3 Be7 10. exd6 Qxd6 11. Qxd6 Bxd6 12. Be3 0-0 13. 0-0 Bg4 14. Nd4 Nxd4 15. Bxd4 a6 16. Rfe1 Rfe8 17. f3 Bd7 18. Bd5 c6 19. Bb3 Kf8 20. Rad1 Rxe1+ 21. Rxe1 c5 22. Be5 Bxe5 23. Rxe5 b6 24. Kf2 Bc6 25. Bd5 Re8 26. Rxe8+ Bxe8 27. Ke3 Ke7 28. Kd3 Kd6 29. Be4 Ke5 30. g3 h6 31. f4+ Kd6 32. Bb7 a5 33. Ke4 Bb5 34. b3 c4 35. Kd4 cxb3 36. axb3 Bc6 37. Ba6 Bd5 38. c4 Bf3 39. Bb5 Bd1 40. Kc3 Kc5 41. Be8 f6 42. Bg6 Bf3 43. Bf5 Bd1 44. Bg6 1/2-1/2